Exploring discrete mathematics with maple
Сохранить в:
| Главный автор: | |
|---|---|
| Формат: | |
| Язык: | Undetermined |
| Опубликовано: |
New York
McGraw-Hill
1997
|
| Предметы: | |
| Метки: |
Добавить метку
Нет меток, Требуется 1-ая метка записи!
|
| Thư viện lưu trữ: | Trung tâm Học liệu Trường Đại học Cần Thơ |
|---|
| LEADER | 00600nam a2200193Ia 4500 | ||
|---|---|---|---|
| 001 | CTU_32753 | ||
| 008 | 210402s9999 xx 000 0 und d | ||
| 020 | |b 368.000đ; 221.700đ (lô mho99) | ||
| 082 | |a 005.131 | ||
| 082 | |b E96 | ||
| 100 | |a Kenneth H Rosen...[et al.] | ||
| 245 | 0 | |a Exploring discrete mathematics with maple | |
| 245 | 0 | |c Kenneth H Rosen...[et al.] | |
| 260 | |a New York | ||
| 260 | |b McGraw-Hill | ||
| 260 | |c 1997 | ||
| 650 | |a computer science - mathematics,maple ( computer programs ) | ||
| 904 | |i Minh, 990817 | ||
| 980 | |a Trung tâm Học liệu Trường Đại học Cần Thơ | ||